• 首页
  • 本馆介绍
  • 公告通知
  • 最新文献
  • 馆藏检索
  • 电子资源
  • 读者导购
  • 参考咨询
  • 我的图书馆
  • 登录
  • 详细信息显示
  • 放入我的书架
  • 预约/预借图书
  • 作者相关作品
  • 分类相关作品
  • 丛书相关作品
  • 出版社相关作品

书目信息

  • 表格格式
  • 工作单格式
  • 卡片格式
题名:
Arduino电子设计实战指南
    
 
作者: 程晨 编著
分册:   零基础篇
出版信息: 北京   机械工业出版社  2013
页数: 165页
开本: 24cm
丛书名:
单 册:
中图分类: TN-49
科图分类:
主题词: 电子器件--制作--基本知识 , 电子器件
电子资源:
ISBN: 978-7-111-41717-0
000 00894nam0 22002531 450
001 524
005 20140910085537.62
010    @a978-7-111-41717-0@dCNY59.00
100    @a20130521d2013 em y0chiy50 ea
101 0  @achi
102    @aCN@b110000
105    @aa z 000yy
106    @ar
200 1  @aArduino电子设计实战指南@AArduinoDian Zi She Ji Shi Zhan Zhi Nan@i零基础篇@ILing Ji Chu Pian@f程晨编著@FCheng Chen Bian Zhu
210    @a北京@c机械工业出版社@d2013
215    @a165页@c图@d24cm
300    @a华章科技
330    @a本书以基础的电子学知识为纽带将各个章节联系起来,通过简单的应用介绍了Arduino中数字量和模拟量的处理方式,用Arduino完成的形形色色的电子作品都是基于这些基础知识实现的。
606 0  @a电子器件@x制作@x基本知识
606 0  @a电子器件
690    @aTN-49@v5
701  0 @a程晨@ACheng Chen@4编著
801  0 @aCN@bTANGWEI@c20140603
905    @b0836481-83@dTN-49@e104@f3
    
    Arduino电子设计实战指南.零基础篇/程晨编著.-北京:机械工业出版社,2013
    165页:图;24cm
    华章科技
    
    ISBN 978-7-111-41717-0:CNY59.00
    本书以基础的电子学知识为纽带将各个章节联系起来,通过简单的应用介绍了Arduino中数字量和模拟量的处理方式,用Arduino完成的形形色色的电子作品都是基于这些基础知识实现的。
●
相关链接 在E读中查询图书 在五车中查询图书 在当当中查询图书 在豆瓣中查询图书


正题名:Arduino电子设计实战指南     索取号:TN-49/104         预约/预借

序号 登录号 条形码 馆藏地/架位号 状态 备注
1 0836481   208364811   第二样本阅览室/ [索取号:TN-49/104] 在馆    
2 0836482   208364820   第三借阅区/ [索取号:TN-49/104] 在馆    
3 0836483   208364839   密集书库—计算机科学学院/ [索取号:TN-49/104] 在馆    
唐山师范学院图书馆 欢迎您!
大连网信软件有限公司© 版权所有